000 00384nam a2200145Ia 4500
005 20251222143212.0
008 251222s9999||||xx |||||||||||||| ||spa||
020 _a978-84330-1722-2
082 _a158.3/F41/T.2
100 _aFernández Liria, Alberto
245 0 _aHabilidades de Entrevista para Psicoterapeutas
250 _a4a.ed.
264 _bDescleé De Brouwer
942 _cLIB
999 _c13484
_d13484